000 00241nam a2200097Ia 4500
001 1007076
005 20250826230558.0
008 250824s9999 xx 000 0 und d
245 0 _aBÜYÜK SORUMLULUK
_cSİMA ÖZKAN
260 _bBETA YAYINLARI
999 _c1007076
_d1007076